00637cam a2200169 a 4500008004100000035001200041050002200053100003400075245010900109260005100218300002100269500003700290600001900327610004100346651003900387700004100426021108s1977 cr 000 0 spa u aa405308 0aJL1456 bR65 19771 aRomero Pérez, Jorge Enrique03aLa social democracia en Costa Rica /cJorge Enrique Romero Pérez ; presentación Eugenio Rodríguez. aSan José, Costa Rica :bTrejo Hnos., c1977. a326 p. ;c20 cm. aIncluye apendice y bibliografias14aFacio, Rodrigo14aPartido Liberal Nacional, Costa Rica 4aCosta Rica xPolítica y gobierno1 aRodríguez, Eugenio, presentación